| 000 | 00000nam 2200000za 4500 |
| 001 | 9.643325 |
| 003 | CaOODSP |
| 005 | 20230307145515 |
| 007 | cr ||||||||||| |
| 008 | 150407|1975||||xxc|||||o f|0| 0 fre d |
| 040 | |aCaOODSP|bfre |
| 043 | |an-cn--- |
| 086 | 1 |aA53-1081/1975F-PDF |
| 110 | 1 |aCanada.|bAgriculture Canada. |bDirection générale de recherche. |
| 245 | 10|aManuel des jardiniers du nord / |h[ressource électronique]|c[par] Frank S. Nowosad. |
| 260 | |aOttawa - Ontario : |bAgriculture Canada. |c1966, révisé 1971, réimprimé 1973, 1975. |
| 300 | |a32p.|bfigures, références, tableaux, photographies |
| 500 | |aPublication historique numérisée par Agriculture et Agroalimentaire Canada. |
| 590 | |a14-11-Supp|b2014-05-21 |
| 691 | 07|aNord canadien|2gcpds |
| 691 | 07|aJardinage|2gcpds |
| 775 | 08|tA handbook for northern gardeners / |w(CaOODSP)9.699335 |
| 794 | |tUn jardin dans le Nord / |w(CaOODSP)9.643439 |
| 856 | 40|ahttp://publications.gc.ca|qPDF|s2.1 Mo|uhttps://publications.gc.ca/collections/collection_2014/aac-aafc/agrhist/A53-1081-1975-fra.pdf |
| 986 | |a1081 |